00533 2200205 4500001002100000005001500021035002000036007000300056008004100059020001800100082001000118084001600128100001900144245004300163250001600206260003400222300003500256650002600291990001000317INLIS00000000000186520180404104730 a0010-0418000022ta180404 g 0 ind  a979-526-187-8 a302.2 a302.2 ARN k0 aARNI, Muhammad1 aKomunikasi Organisasi /cArni Muhammad aed.1 cet. 7 aJakarta :bBumi Aksara,c2005 axvi; 228 hlm ;c14,4 x 20,5 cm aKOMUNIKASI ORGANISASI a577 B